Govt. of
Madhya Pradesh

SSC Reasoning TCS Shiftwise Solved Papers Bilingual 161 Solved Paper 2020-2023 (Record no. 67300)

MARC details
000 -LEADER
fixed length control field 00261nam a22000977a 4500
082 ## - DEWEY DECIMAL CLASSIFICATION NUMBER
Classification number 160
245 ## - TITLE STATEMENT
Title SSC Reasoning TCS Shiftwise Solved Papers Bilingual 161 Solved Paper 2020-2023
260 ## - PUBLICATION, DISTRIBUTION, ETC. (IMPRINT)
Place of publication Delhi
Name of publisher KD Pub.
Year of publication 2024
650 ## - SUBJECT ADDED ENTRY--TOPICAL TERM
Topical Term Reasoning
942 ## - ADDED ENTRY ELEMENTS (KOHA)
Koha item type Competitive Books
Holdings
Withdrawn status Lost status Damaged status Not for loan Home library Current library Date acquired Cost, normal purchase price Full call number Accession Number Price effective from Koha item type
        MACL MACL 20/10/2024 700.00 160 DPI002633 20/10/2024 Competitive Books